000 00612 a2200169 4500
020 _a0077078829
040 _aDLC
_bDLC
100 1 0 _aJayaratna, Nimal
245 1 0 _aUnderstanding and evaluating methodologies: NIMSAD, a systematic framework
_b: NIMSAD, a systematic framework
_cNimal Jayaratna.
260 0 _aLondon
_a; New York
_b: McGraw-Hill
_c, c1994.
300 _axix, 259 p.
_b: ill.
440 4 _aThe McGraw-Hill information systems, management and strategy series.
650 0 _aManagement information systems.
650 0 _aSystem design.
650 0 _aProblem solving.
942 _cBK
_k658.4038 JAY
_2ddc
999 _c8816
_d8816